000 00278nam a22001217a 4500
008 180213b xxu||||| |||| 00| 0 eng d
041 _aeng
080 _a62
100 _a27
101 _aENG
245 _aSOIL WATER CONSERVATION ENGINEERING
_cRICHARD.K.F
942 _2udc
_cBK
999 _c42391
_d42391